LEADER 01450nam 2200385 450 001 9910376043603321 005 20230809231614.0 035 $a(CKB)4100000004910048 035 $a(WaSeSS)IndRDA00103187 035 $a(EXLCZ)994100000004910048 100 $a20180814d2017 uy 0 101 0 $aeng 135 $aur||||||||||| 181 $ctxt$2rdacontent 182 $cc$2rdamedia 183 $acr$2rdacarrier 200 00$aProceedings of the 1st ACM SIGSPATIAL Workshop on Analytics for Local Events and News /$fsponsor, ACM Special Interest Group on Spatial Information 210 1$aNew York :$cACM,$d2017. 215 $a1 online resource (50 pages) 311 $a1-4503-5500-5 517 1 $aProceedings of the first Association for Computing Machinery Special Interest Group on Spatial Information Workshop on Analytics for Local Events and News 606 $aJournalism$xData processing$vCongresses 606 $aData mining$vCongresses 606 $aGeospatial data$vCongresses 615 0$aJournalism$xData processing 615 0$aData mining 615 0$aGeospatial data 676 $a070.0285 712 02$aAssociation for Computing Machinery.$bSpecial Interest Group on Spatial Information, 801 0$bWaSeSS 801 1$bWaSeSS 906 $aBOOK 912 $a9910376043603321 996 $aProceedings of the 1st ACM SIGSPATIAL Workshop on Analytics for Local Events and News$92027361 997 $aUNINA LEADER 01352nam 2200385 450 001 996575292303316 005 20230814220545.0 010 $a1-5386-7272-3 035 $a(CKB)4970000000008939 035 $a(WaSeSS)IndRDA00121842 035 $a(EXLCZ)994970000000008939 100 $a20200413d2018 uy 0 101 0 $aeng 135 $aur||||||||||| 181 $ctxt$2rdacontent 182 $cc$2rdamedia 183 $acr$2rdacarrier 200 10$a2018 Global Information Infrastructure and Networking Symposium $e23-25 October 2018, Thessaloniki, Greece /$fInstitute of Electrical and Electronics Engineers 210 1$aPiscataway, New Jersey :$cInstitute of Electrical and Electronics Engineers,$d2018. 215 $a1 online resource (53 pages) 311 $a1-5386-7273-1 606 $aComputer networks$vCongresses 606 $aTelecommunication systems$vCongresses 606 $aInformation superhighway$vCongresses 615 0$aComputer networks 615 0$aTelecommunication systems 615 0$aInformation superhighway 676 $a004.6 712 02$aInstitute of Electrical and Electronics Engineers, 801 0$bWaSeSS 801 1$bWaSeSS 906 $aPROCEEDING 912 $a996575292303316 996 $a2018 Global Information Infrastructure and Networking Symposium$92508678 997 $aUNISA